000 00577nam a2200229Ia 4500
003 OSt
005 20221005131226.0
006 a|||||r|||| 00| 0
007 ta
008 221004b |||||||| |||| 00| 0 ben d
024 _a9018
037 _cTextual
040 _aCRL
_cCRL
_bben
041 _2ben
_aben
082 _aO157,3N60,1, N7
100 _aSengupta Mallika
_9206116
245 0 _aShlilatachanir pare
260 _c1997
650 _aBENGALI LITERATURE
942 _hO157,3N60,1, N7
_cTEXL
_2cc
999 _c1059695
_d1059695